NBA PLAYERS TOP 100 UNDERATED PLAYERS - Statistics

General Stats
  • This quiz has been taken 9 times
  • The average score is 14 of 104
Answer Stats
Hint Answer Hint #2 % Correct
Warriors #9 Andre Iguodala 2004-2023
50%
warriors Draymond Green #23
38%
LAKERS Lebron James THE GOAT
38%
Warriors #? Monta Ellis 2005-2017
38%
Suns #31 Shawn Marion 1999-2015
38%
Timberwolves #5 Anthony Edwards 2020-2026
25%
Heat #? Bam Adebayo
25%
Hornets #5 Baron Davis 1999-2016
25%
Nets #? Brook Lopez 2008-2026
25%
Clippers #3 Chris Paul 2005-2026
25%
Warriors #4 Chris Webber 1993-2008
25%
TrailBlazers #22 Clyde Drexler 1983-2001
25%
Knicks #10 David Lee 2005-2017
25%
? David West
25%
Raptors #10 Demar Derozan 2009-2026
25%
Knicks #11 Jalen Brunson 2018-2026
25%
Grizzlies #12 Ja Morant 2021-2026
25%
Mavericks #5 Jason Kidd 1994-2018
25%
Celtics #8 Joe Johnson 2001-2022
25%
76ers Joel Embiid
25%
' Jrue Holiday
25%
Timberwolves #32 Karl Anthony-Towns 2014-2026
25%
Kings # Keegan Murray
25%
Timberwolves #21 Kevin Garnett 1995-2016
25%
LAkers Kobe Bryant 8
25%
Lakers #77 Luka Doncic 2018-2026
25%
Lakers #37 Metta World Peace 1999-2017
25%
Grizzlies #10 Mike Conley 2007-2026
25%
ANSWER-NATE NATE THIS IS A FREE ANSWER
25%
Pacerss # Paul George 2010-2026
25%
Heat #20 Ray Allen 1996-2012
25%
Warriors #24 Stephen Jackson 1997-2014
25%
' Steven Adams
25%
Celtics #42 Tony Allen 2004-2018
25%
Heat #14 Tyler Herro 2019-2026
25%
Raptors #15 Vince Carter 1998-2020
25%
Pelicans Zion Williamson
25%
thunder Alex Caruso hes bald
13%
Pacers #25 Al Jefferson 2004-2018
13%
Warriors #10 Andrew Wiggins 2015-2020
13%
/ Charles Oakley
13%
' Dennis Rodman
13%
Suns Dillon Brooks
13%
' Dwight Howard
13%
76ers #42 Elton Brand 1999-2016
13%
Celtics #99 Jae Crowder 2012-2026
13%
' James Worthy
13%
Bulls #13 Joakim Noah 2007-2020
13%
Jazz #2 Joe Ingles 2005-2026
13%
? Kevin Looney
13%
' Kyle Lowry
13%
' Lonzo Ball
13%
' Mac McClung
13%
Celtics #32 Marcus Smart 2014-2026
13%
Pistons #18 Mehmet Okur 2002-2017
13%
Wizards #22 Otto Porter Jr 2013-2024
13%
Jazz #4 Paul Millsap 2006-2022
13%
Kings #16 Peja Stojakovic 1998-2011
13%
SuperSonics #0 Rashard Lewis 1998-2014
13%
Wizards #32 Richard HAmilton 1999-2013
13%
Rockets #10 Sam cassell 1993-2008
13%
/ Tim Hardaway
13%
' Victor Oladipo
13%
Wally Szczerbiak >
13%
Trail Blazers #50 Zach Randolph 2001-2019
13%
' Aaron Gordan
0%
Jazz #47 Andrei Kirilenko 2001-2014
0%
Warriors #33 Antwan Jamison 1998-2014
0%
lakers Austin Reeves CURRENT SG HES CRAZy
0%
&6ers Ben Simmons
0%
Knicks #24 Bill Cartwight 1979-2003
0%
Bogan Bogdanovic
0%
twolves Bones Hyland
0%
Hornets #52 Brad Miller 1999-2012
0%
Celtics #1 Chaunsey Billups 1997-2014
0%
' Chris Boucher
0%
Timberwolves Donte Divencenzo plays like juju
0%
? Doug West
0%
Heat #3 Dwayne Wade 2003-2019
0%
' Eric Gordan
0%
Spurs #3 George Hill 2008-2023
0%
' Hakeem
0%
Bulls #1 Jamal Crawford 2000-2020
0%
Heat # Jamie Jaquez
0%
Lakers #2 Jarred Vanderbilt 2018-2026
0%
buns Jaxson Hayes lkaers
0%
Warriors #7 Jermaine ONiel 1996-2015
0%
Kareem Abdul-Jabbar
0%
76ers #12 Kelly Oubre Jr 2015-2026
0%
/ Kyle Anderson
0%
' Liangelo Ball
0%
Raptors #92 Lucas Nogueira 2009-2018
0%
Timberwolves #9 Luol Deng 2004-2019
0%
' Micheal Jordan
0%
' Micheal Porter Jr
0%
Kings #00 Mike Bibby 2001-2012
0%
' Nikola Topic
0%
' Nikola Vucevic
0%
' PJ Tucker
0%
Kings #13 Quincy Acy 2012-2019
0%
' RJ Barrett
0%
idk Samson Perkins ?
0%
Lakers #34 Shaquielle Oniel
0%
Timberwolves# 00 Terrence Shannon Jr 2021-2026
0%
No matching quizzes found
Score Distribution
Percent of People with Each Score
Percentile by Number Answered
Your Score History
You have not taken this quiz